Atlas of temporomandibular joint surgery / (Record no. 22719)
[ view plain ]
| 000 -LEADER | |
|---|---|
| fixed length control field | 01635cam a22003135a 4500 |
| 001 - CONTROL NUMBER | |
| control field | 18400151 |
| 005 - DATE AND TIME OF LATEST TRANSACTION | |
| control field | 20161020113326.0 |
| 008 - FIXED-LENGTH DATA ELEMENTS--GENERAL INFORMATION | |
| fixed length control field | 141205s2015 iaua frb 001 0 eng d |
| 020 ## - INTERNATIONAL STANDARD BOOK NUMBER | |
| International Standard Book Number | 9781119949855 (cloth) |
| 040 ## - CATALOGING SOURCE | |
| Original cataloging agency | EG-ScBUE |
| Language of cataloging | eng |
| Transcribing agency | EG-ScBUE |
| Modifying agency | EG-ScBUE |
| 082 04 - DEWEY DECIMAL CLASSIFICATION NUMBER | |
| Classification number | 617.522 |
| Edition number | 22 |
| Item number | ATL |
| 130 0# - MAIN ENTRY--UNIFORM TITLE | |
| Uniform title | Color atlas of temporomandibular joint surgery. |
| 245 10 - TITLE STATEMENT | |
| Title | Atlas of temporomandibular joint surgery / |
| Statement of responsibility, etc | editors Peter D. Quinn, Eric J. Granquist. |
| 250 ## - EDITION STATEMENT | |
| Edition statement | 2nd ed. |
| 260 ## - PUBLICATION, DISTRIBUTION, ETC. (IMPRINT) | |
| Place of publication, distribution, etc | Ames : |
| Name of publisher, distributor, etc | John Wiley & Sons Inc., |
| Date of publication, distribution, etc | 2015. |
| 300 ## - PHYSICAL DESCRIPTION | |
| Extent | xiii, 252 p. : |
| Other physical details | ill. ; |
| Dimensions | 25 cm. |
| 500 ## - GENERAL NOTE | |
| General note | Preceded by Color atlas of temporomandibular joint surgery / Peter D. Quinn. c1998. |
| 500 ## - GENERAL NOTE | |
| General note | Index : p. 245-252. |
| 504 ## - BIBLIOGRAPHY, ETC. NOTE | |
| Bibliography, etc | Includes bibliographical references. |
| 505 0# - FORMATTED CONTENTS NOTE | |
| Formatted contents note | Surgical decision making for temporomandibular joint surgery -- Diagnostic imaging of the temporomandibular joint -- Surgical approaches to the temporomandibular joint -- Surgery for internal derangement -- Osseous surgery of the temporomandibular joint -- Trauma -- Autogenous reconstruction of the temporomandibular joint -- Stock alloplastic reconstruction of the temporomandibular joint -- Custom alloplastic reconstruction of the temporomandibular joint -- Pathology of the temporomandibular joint -- Complications. |
| 590 ## - LOCAL NOTE (RLIN) | |
| Local note | SAMEH |
| 650 #7 - SUBJECT ADDED ENTRY--TOPICAL TERM | |
| Topical term or geographic name as entry element | Temporomandibular Joint |
| General subdivision | surgery |
| Form subdivision | Atlases. |
| Source of heading or term | BUEsh |
| 650 #7 - SUBJECT ADDED ENTRY--TOPICAL TERM | |
| Topical term or geographic name as entry element | Temporomandibular Joint Disorders |
| General subdivision | surgery |
| Form subdivision | Atlases. |
| Source of heading or term | BUEsh |
| 651 ## - SUBJECT ADDED ENTRY--GEOGRAPHIC NAME | |
| Source of heading or term | BUEsh |
| 653 ## - INDEX TERM--UNCONTROLLED | |
| Resource For college | |
| Arrived date list | October2016 |
| 700 1# - ADDED ENTRY--PERSONAL NAME | |
| Personal name | Quinn, Peter D., |
| Dates associated with a name | 1948- , |
| Relator term | editor. |
| 700 1# - ADDED ENTRY--PERSONAL NAME | |
| Personal name | Granquist, Eric J., |
| Relator term | editor. |
| 942 ## - ADDED ENTRY ELEMENTS (KOHA) | |
| Source of classification or shelving scheme | Dewey Decimal Classification |
| Withdrawn status | Item status | Source of classification or shelving scheme | Damaged status | Not for loan | Vendor | Home library | Current library | Shelving location | Date acquired | Source of acquisition | Cost, normal purchase price | Serial Enumeration / chronology | Total Checkouts | Total Renewals | Full call number | Barcode | Date last seen | Date last borrowed | Cost, replacement price | Koha item type |
|---|---|---|---|---|---|---|---|---|---|---|---|---|---|---|---|---|---|---|---|---|
| Dewey Decimal Classification | Academic Bookshop | Central Library | Central Library | First floor | 19/10/2016 | Purchase | 919.00 | 9126 | 1 | 1 | 617.522 ATL | 000034219 | 15/07/2025 | 26/09/2024 | 1148.75 | Book - Borrowing |